The Art of Designing Embedded Systems (Record no. 8134)
[ view plain ]
| 000 -LEADER | |
|---|---|
| fixed length control field | 00433nam a22001457a 4500 |
| 003 - CONTROL NUMBER IDENTIFIER | |
| control field | OSt |
| 005 - DATE AND TIME OF LATEST TRANSACTION | |
| control field | 20230419123536.0 |
| 008 - FIXED-LENGTH DATA ELEMENTS--GENERAL INFORMATION | |
| fixed length control field | 230419b ||||| |||| 00| 0 eng d |
| 040 ## - CATALOGING SOURCE | |
| Original cataloging agency | MUST |
| Transcribing agency | MUST |
| 082 ## - DEWEY DECIMAL CLASSIFICATION NUMBER | |
| Edition number | 2ed. |
| 245 ## - TITLE STATEMENT | |
| Title | The Art of Designing Embedded Systems |
| Statement of responsibility, etc. | The Art of Designing Embedded Systems |
| 300 ## - PHYSICAL DESCRIPTION | |
| Extent | iii,298p. |
| Other physical details | ill |
| Dimensions | 25cm. |
| 440 ## - SERIES STATEMENT/ADDED ENTRY--TITLE | |
| Title | The Art of Designing Embedded Systems |
| International Standard Serial Number | 9780750686440 |
| 9 (RLIN) | 16625 |
| 942 ## - ADDED ENTRY ELEMENTS (KOHA) | |
| Source of classification or shelving scheme | Other/Generic Classification Scheme |
| Koha item type | Book |
| Withdrawn status | Lost status | Source of classification or shelving scheme | Damaged status | Not for loan | Home library | Current library | Date acquired | Source of acquisition | Total Checkouts | Barcode | Date last seen | Copy number | Price effective from | Koha item type |
|---|---|---|---|---|---|---|---|---|---|---|---|---|---|---|
| Other/Generic Classification Scheme | MUST Main Library | MUST Main Library | 19/04/2023 | 19/04/2023 | 19/04/2023 | Book | ||||||||
| Dewey Decimal Classification | Main Kihumuro Campus | Main Kihumuro Campus | 19/04/2023 | Purchase | 2023-0461 | 19/04/2023 | 2023-0461 | 19/04/2023 | Book | |||||
| Dewey Decimal Classification | Main Kihumuro Campus | Main Kihumuro Campus | 19/04/2023 | Purchase | 2023-0462 | 19/04/2023 | 2023-0461 | 19/04/2023 | Book |
